| 000 | 00482cam a2200193ua 4500 | ||
|---|---|---|---|
| 020 | _c25.00 | ||
| 041 |
_aeng _h |
||
| 082 |
_a585 _bCOU/MO |
||
| 100 | _aCoulter, John M . | ||
| 245 |
_aMorphology of Gymnosperms / _cM John Coulter. _hTextual Documents |
||
| 250 |
_a1 / _b. |
||
| 260 |
_aAllahabad : _bCentral Book Depot , _c1964. |
||
| 300 | _a466 ; . | ||
| 365 | _a25.00 | ||
| 504 | _a | ||
| 700 | 1 | _aChamberlain, Charles J . | |
| 942 | _cBK | ||
| 999 |
_c9121 _d9121 |
||